Asia Map Click Quiz in Azerbaijani - Statistics

General Stats
  • This quiz has been taken 35 times
  • The average score is 39 of 48
Answers on the Map
Answers color-coded by a green-red scale on the quiz's map according to % correct below.
 
Answer Stats
Answer % Correct
Nepal
96%
Azərbaycan
92%
Çin
92%
İndoneziya
92%
Birləşmiş Ərəb Əmirlikləri
88%
Filippin
88%
Hindistan
88%
İordaniya
88%
İsrail
88%
Suriranka
88%
Banqladeş
85%
Əfqanıstan
85%
Kamboca
85%
Maldiv Adaları
85%
Oman
85%
Qazaxıstan
85%
Şərqi Timor
85%
Suriya
85%
Türkiyə
85%
Vyetnam
85%
Yaponiya
85%
Bəhreyn
81%
Butan
81%
Gürcüstan
81%
İran
81%
İraq
81%
Küveyt
81%
Livan
81%
Malayziya
81%
Monqolustan
81%
Myanma
81%
Özbəkistan
81%
Pakistan
81%
Səudiyyə Ərəbistanı
81%
Sinqapur
81%
Tacikistan
81%
Tayland
81%
Yəmən
81%
Bruney
77%
Ermənistan
77%
Kipr
77%
Laos
77%
Qətər
77%
Qırğızıstan
73%
Tayvan
73%
Türkmənistan
73%
Simali Koreya
58%
Cənubi Koreya
46%
No matching quizzes found
Score Distribution
Percent of People with Each Score
Percentile by Number Answered
Your Score History
You have not taken this quiz